000 00838cam a2200205 4500
001 ABS65203
008 020306n2002 000 0 eng u
035 _a(Sirsi) u117026
100 _aCharman, J.
245 _aStarting from scratch
260 _c2002
490 _aInsight
_v(4.07) January/February 2002, 24-25(2)
520 _aLooks at ways rating system can be overhauled. Reaction to the council tax system has been less hostile than to domestic rates. Highlights situation of revaluation in Lithuania, where they have introduced market-value based property tax, but points out that any change to this type of tax collection needs undisputed government backing to succeed.
590 _aABS
650 _aLITHUANIA
650 _aPROPERTY TAX
650 _aVALUATIONS
690 _aRATING AND LOCAL TAXATION
942 _n0
999 _c69716
_d69716